000 01281nam a2200325 a 4500
001 vtls000223448
003 NLI
005 20210602122703.0
008 101126s1966 ii a 000 0 eng
039 9 _y201011260152
_zVLOAD
040 0 _aNLI
_beng
_cDatasoft 1
_eAACR2
041 0 _aeng
044 _aii
082 0 4 _a597
100 1 _aRabindra Nath, P.
_9415548
245 1 0 _aBiology and seasonal distribution of the pelagic food fished of Travancore coast /
_cby P. Rabindra Nath
260 _aMumbai :
_bUniversity of Kerala],
_c1966
300 _a140 p. :
_bill. ;
_c25 cm.
440 0 _aKerala University publications
_9415549
500 _a"Issued as a special number of the Bulletin of the Department of Marine Biology and Oceanography of the University of Kerala"
650 0 _aPelagic fishes
_zIndia
_zTravancore
_9415550
650 0 _aPelagic fishes
_xFood
_9415551
710 1 _aTrivandrum (India).
_bUniversity of Kerala.
_bDepartment of Marine Biology and Oceanography
_9415552
887 _a
901 _aDB8873
_b12.10.1966
902 _aE/O 597 R 113
949 _AVIRTUAITEM
_D10000
_X100
_6DBA000008873ENG
942 _2ddc
_cBKS
999 _aVIRTUA40
_c228366
_d228366
999 _aVTLSSORT0080*0400*0410*0440*0820*1000*2450*2600*3000*4400*5000*6500*6501*7100*9010*9020*9490*9991